Logo BPK

Biblioteka

Politechniki Koszalińskiej

Neural networks : (Rekord nr 30621)

Szczegóły MARC
000 -ETYKIETA REKORDU
podpole kontrolne o stałej długości 00771nam a2200265 i 4500
001 - NUMER KONTROLNY REKORDU
pole kontrolne bg
020 ## - MIĘDZYNARODOWY ZNORMALIZOWANY NUMER KSIĄŻKI - ISBN
ISBN 3540602070
040 ## - ŹRÓDŁO KATALOGOWANIA
Instytucja, która utworzyła rekord BPK
041 0# - KOD JĘZYKA
Kod języka tekstu en
080 ## - UNIWERSALNA KLASYFIKACJA DZIESIĘTNA - UKD
UKD 681.3.05:007.5:519.7
920 ## - Międzynarodowy znormalizowany numer książki – ISBN
ISBN 3-540-60207-0
008 - POLE O STAŁEJ DŁUGOŚCI - DANE KONTROLNE
podpole kontrolne o stałej długości s pl f |000 0 pol
100 1# - NAZWA OSOBOWA
Nazwa osobowa MÜLLER, Berndt
245 10 - TYTUŁ/ODPOWIEDZIALNOŚĆ
Tytuł Neural networks :
Ciąg dalszy tytułu an introduction.
250 ## - STREFA WYDANIA
Oznaczenie wydania 2nd updat. and corr. ed.
260 ## - STREFA ADRESU WYDAWNICZEGO
Miejsce wydania Berlin [et al.] :
Nazwa wydawcy/dystrybutora Springer Verl.,
Data publikacji, dystrybucji/powstania dokumentu 1995.
300 ## - STREFA OPISU FIZYCZNEGO
Objętość XV, 329 s. :
Inne cechy fizyczne rys., wykr. ;
Rozmiary 24 cm +
Dokument towarzyszący Dyskietka 3,5.
490 1# - STREFA SERII I DOKUMENTU WIELOCZĘŚCIOWEGO - FORMA NIE DO WYSZUKIWANIA
Tytuł i oznaczenie odpowiedzialności serii Physics of Neural Networks
504 ## - UWAGA DOTYCZĄCA BIBLIOGRAFII
Informacje o bibliografii Bibliogr. s. 307-323. - Indeks.
650 #9 - HASŁO PRZEDMIOTOWE W FORMIE NAZWY OGÓLNEJ LUB JEDNOSTKOWEJ
Nazwa ogólna lub geograficzna Sieci neuronowe
700 1# - HASŁO DODATKOWE - NAZWA OSOBOWA
Nazwa osobowa REINHARDT, Joachim
700 1# - HASŁO DODATKOWE - NAZWA OSOBOWA
Nazwa osobowa STRICKLAND, Michael Thomas
830 ## - HASŁO DODATKOWE SERII LUB DOKUMENTU WIELOCZĘŚCIOWEGO - TYTUŁ UJEDNOLICONY
Tytuł ujednolicony Physics of Neural Networks
856 ## - LOKALIZACJA I DOSTĘP DO ELEKTRONICZNYCH DOKUMENTÓW ZDALNYCH
Link (URL) http://koha.tu.koszalin.pl/cgi-bin/koha/opac-detail.pl?biblionumber=30621
Tekst linku Katalog online BPK
942 ## - DODATKOWE ELEMENTY (KOHA)
Typ dokumentu Książka
Egzemplarze
Wycofany Status egzemplarza Uszkodzony Dostępność Lokalizacja stała Lokalizacja bieżąca Miejsce przechowywania Sygnatura Kod kreskowy Typ dokumentu
      Dostępny Biblioteka Politechniki Koszalińskiej Biblioteka Politechniki Koszalińskiej Wypożyczalnia BG 37415 01313161 Książka
© 2023 Biblioteka Politechniki Koszalińskiej :: KOHA